Online katalóg knižníc regiónu Turca

3x proti zločinu (Record no. 20740)

MARC details
000 -LEADER
fixed length control field 01908cam a2200517 a 4500
001 - CONTROL NUMBER
control field 20740
003 - CONTROL NUMBER IDENTIFIER
control field VRT
005 - DATE AND TIME OF LATEST TRANSACTION
control field 20260131103435.0
008 - FIXED-LENGTH DATA ELEMENTS--GENERAL INFORMATION
fixed length control field 210928s1987 xo gr 000 f slo
015 ## - NATIONAL BIBLIOGRAPHY NUMBER
National bibliography number SNBA1987
020 ## - INTERNATIONAL STANDARD BOOK NUMBER
Qualifying information (viazané)
039 #9 - LEVEL OF BIBLIOGRAPHIC CONTROL AND CODING DETAIL [OBSOLETE]
Level of rules in bibliographic description 202512091333
Level of effort used to assign nonsubject heading access points AUTHORITY
Level of effort used to assign subject headings 202512091323
Level of effort used to assign classification AUTHORITY
Level of effort used to assign subject headings 202209051236
Level of effort used to assign classification msnk160
Level of effort used to assign subject headings 202209050817
Level of effort used to assign classification msnk160
040 ## - CATALOGING SOURCE
Original cataloging agency SNK
Language of cataloging slo
Transcribing agency SNK
Description conventions AACR2
041 1# - LANGUAGE CODE
Language code of text/sound track or separate title slo
Language code of original eng
044 ## - COUNTRY OF PUBLISHING/PRODUCING ENTITY CODE
MARC country code xo
ISO country code SK
072 #7 - SUBJECT CATEGORY CODE
Subject category code 821.111(73)-3
Subject category code subdivision Americká próza
Source konspekt
080 ## - UNIVERSAL DECIMAL CLASSIFICATION NUMBER
Universal Decimal Classification number 821.111(73)-31
Edition identifier 2011
080 ## - UNIVERSAL DECIMAL CLASSIFICATION NUMBER
Universal Decimal Classification number (0:82-312.4)
Edition identifier 2011
100 1# - MAIN ENTRY--PERSONAL NAME
Personal name Macdonald, Ross,
Dates associated with a name 1915-1983
Relationship aut
245 10 - TITLE STATEMENT
Title 3x proti zločinu
Statement of responsibility, etc. Ross MacDonald ; [z anglických originálov preložili Tatiana Fusánová, Pavel Branko, Adriana Oravcová]
246 3# - VARYING FORM OF TITLE
Title proper/short title Trikrát proti zločinu
250 ## - EDITION STATEMENT
Edition statement 1. vyd.
260 ## - PUBLICATION, DISTRIBUTION, ETC.
Place of publication, distribution, etc. Bratislava
Name of publisher, distributor, etc. Slovenský spisovateľ
Date of publication, distribution, etc. 1987
300 ## - PHYSICAL DESCRIPTION
Extent 677 strán
Dimensions 21 cm
366 ## - TRADE AVAILABILITY INFORMATION
Note 60000 kusov
490 1# - SERIES STATEMENT
Series statement Spoločnosť priateľov krásnych kníh
Volume/sequential designation zv. 478
500 ## - GENERAL NOTE
General note Obsahuje 3 romány
500 ## - GENERAL NOTE
General note Rozložený titulný list
655 #7 - INDEX TERM--GENRE/FORM
Genre/form data or focus term detektívne romány
Source of term SNKPH
655 #7 - INDEX TERM--GENRE/FORM
Genre/form data or focus term americké romány
Source of term SNKPH
700 1# - ADDED ENTRY--PERSONAL NAME
Personal name Fusánová, Tatiana
Relationship trl
700 1# - ADDED ENTRY--PERSONAL NAME
Personal name Branko, Pavel,
Dates associated with a name 1921-2020
Relationship trl
700 1# - ADDED ENTRY--PERSONAL NAME
Personal name Oravcová, Adriana,
Dates associated with a name 1952-
Relationship trl
700 12 - ADDED ENTRY--PERSONAL NAME
Personal name Macdonald, Ross,
Dates associated with a name 1915-1983
Title of a work The Galton case
Language of a work Slovensky
700 12 - ADDED ENTRY--PERSONAL NAME
Personal name Macdonald, Ross,
Dates associated with a name 1915-1983
Title of a work The way some people die
Language of a work Slovensky
700 12 - ADDED ENTRY--PERSONAL NAME
Personal name Macdonald, Ross,
Dates associated with a name 1915-1983
Title of a work The Ferguson affair
Language of a work Slovensky
740 02 - ADDED ENTRY--UNCONTROLLED RELATED/ANALYTICAL TITLE
Uncontrolled related/analytical title Galtonov prípad
740 02 - ADDED ENTRY--UNCONTROLLED RELATED/ANALYTICAL TITLE
Uncontrolled related/analytical title Aj takto sa umiera
740 02 - ADDED ENTRY--UNCONTROLLED RELATED/ANALYTICAL TITLE
Uncontrolled related/analytical title Fergusonova aféra
830 #0 - SERIES ADDED ENTRY--UNIFORM TITLE
Uniform title Spoločnosť priateľov krásnych kníh
910 ## - USER-OPTION DATA (OCLC)
User-option data snk
942 ## - ADDED ENTRY ELEMENTS (KOHA)
Source of classification or shelving scheme Dewey Decimal Classification
Koha item type Krásna literatúra pre dospelých
Suppress in OPAC No
949 ## - LOCAL PROCESSING INFORMATION (OCLC)
6 273K0181773
a svkpoA 141848
b svkpo342295
949 ## - LOCAL PROCESSING INFORMATION (OCLC)
6 17A0515644
a snkSC 70086 D1
b snkKSP 9912/87
949 ## - LOCAL PROCESSING INFORMATION (OCLC)
6 17A0930606
a snkSC 70086
b snkKSP 9911/87
s 6100:20220928
Holdings
Stav vyradenia Strata Poškodenie Spôsob nadobudnutia Domovská knižnica Aktuálna knižnica Dátum nadobudnutia Total checkouts Čiarový kód exemplára Date last seen Typ exemplára
      Dar Obecná knižnica Horná Štubňa Obecná knižnica Horná Štubňa 31.01.2026   4736200890 31.01.2026 Krásna literatúra pre dospelých
Projekt je podporený Slovenskou asociáciou knižníc
Prevádzkuje Turčianska knižnica Martin 2026